000 01697nam0a2200349 4500
001 RU\NLR\BIBL_A\022622424
005 20260420053426.0
010 _a978-5-605-2825-9-8
_9100
021 _aRU
_bКН-П-25-043496
_9КН-П-25-4233
035 _a(NLR Aleph) 022622424
090 _a13684324
_c13684324
100 _a20250916d2025 u y0rusy50 ca
101 0 _arus
102 _aRU
105 _aа z 000zd
181 0 _ai
_baxxe
182 0 _an
200 1 _aОни исполнили свой долг!
_eпосвящается ветеранам Афганской войны - уроженцам Гафурийского района Республики Башкортостан
_fФонд грантов Главы Республики Башкортостан [и др.]
_gпод общей редакцией Г. М. Шаймардановой
203 _aТекст
_bвизуальный
_cнепосредственный
210 _aУфа
_cИнформреклама
_d2025
215 _a111 с.
_cил., цв. ил., портр.
_d30
320 _aБиблиогр.: с. 111
606 1 _aВойна в Афганистане
_xГерои и героизм
_yБашкирская АССР
_z1979 - 1989
_92679676
_3RU\NLR\AUTH\6601760865
686 1 _aЦ35(0)635.4-424д(2Р-6Б)
702 1 _aШаймарданова
_bГ. М.
_gГульшат Миннигалеевна
_4340
712 0 2 _4570
_aФонд грантов Республики Башкортостан
_cУфа
_92678048
_3RU\NLR\AUTH\880631460
942 _cBOOK
980 _aNB